<?xml version="1.0" encoding="UTF-8"?><?xml-stylesheet type="text/xsl" href="static/style.xsl"?><OAI-PMH xmlns="http://www.openarchives.org/OAI/2.0/" xmlns:xsi="http://www.w3.org/2001/XMLSchema-instance" xsi:schemaLocation="http://www.openarchives.org/OAI/2.0/ http://www.openarchives.org/OAI/2.0/OAI-PMH.xsd"><responseDate>2026-04-13T05:57:34Z</responseDate><request verb="GetRecord" identifier="oai:www.recercat.cat:2117/90025" metadataPrefix="marc">https://recercat.cat/oai/request</request><GetRecord><record><header><identifier>oai:recercat.cat:2117/90025</identifier><datestamp>2025-07-17T09:23:52Z</datestamp><setSpec>com_2072_1033</setSpec><setSpec>col_2072_452950</setSpec></header><metadata><record xmlns="http://www.loc.gov/MARC21/slim" xmlns:dcterms="http://purl.org/dc/terms/" xmlns:xsi="http://www.w3.org/2001/XMLSchema-instance" xmlns:doc="http://www.lyncode.com/xoai" xsi:schemaLocation="http://www.loc.gov/MARC21/slim http://www.loc.gov/standards/marcxml/schema/MARC21slim.xsd">
   <leader>00925njm 22002777a 4500</leader>
   <datafield ind2=" " ind1=" " tag="042">
      <subfield code="a">dc</subfield>
   </datafield>
   <datafield ind2=" " ind1=" " tag="720">
      <subfield code="a">Gordillo Bel, Dídac</subfield>
      <subfield code="e">author</subfield>
   </datafield>
   <datafield ind2=" " ind1=" " tag="260">
      <subfield code="c">2016</subfield>
   </datafield>
   <datafield ind2=" " ind1=" " tag="520">
      <subfield code="a">Amposta y su castillo habían tenido una importancia estratégica de primer orden desde la antigüedad hasta el inicio de la edad moderna, controlando el paso al inte-rior de la península a través del Ebro. Esto se constata en el momento de su destruc-ción, durante la guerra entre la Diputación del General y el rey Juan II, cuando éste hacía casi nueve meses que la sitiaba personalmente. Después de la toma del castillo de Amposta no hay datos bélicos relevantes hasta el siglo XIX, cuando se producen  varias obras de forti¿cación en la ciudad, las últimas durante las guerras carlistas. Es interesante como de los tres recintos que se sabe que había en el castillo medieval se han encontrado trazas de los dos interiores, pero no del tercero que se encaraba a la antigua villa ni del que la rodeaba, aunque la con¿guración urbana insinúa aproxi-madamente por donde se encontraba. También lo es comprobar que quedan restos de la fortaleza medieval, que no es en sistema abaluartado, y en cambio del siglo XIX quedan algunos elementos de unas obras de defensa de circunstancias, levantadas con cierta premura y aprovechando lo que quedaba de las anteriores, con una con-cepción simple de la forti¿cación a partir de cortinas sencillas y baluartes que las cubrían.</subfield>
   </datafield>
   <datafield ind2=" " ind1=" " tag="520">
      <subfield code="a">Peer Reviewed</subfield>
   </datafield>
   <datafield ind2=" " ind1=" " tag="520">
      <subfield code="a">Postprint (published version)</subfield>
   </datafield>
   <datafield tag="653" ind2=" " ind1=" ">
      <subfield code="a">Àrees temàtiques de la UPC::Edificació</subfield>
   </datafield>
   <datafield tag="653" ind2=" " ind1=" ">
      <subfield code="a">Fortification--Spain</subfield>
   </datafield>
   <datafield tag="653" ind2=" " ind1=" ">
      <subfield code="a">castillo</subfield>
   </datafield>
   <datafield tag="653" ind2=" " ind1=" ">
      <subfield code="a">fortificación</subfield>
   </datafield>
   <datafield tag="653" ind2=" " ind1=" ">
      <subfield code="a">foso</subfield>
   </datafield>
   <datafield tag="653" ind2=" " ind1=" ">
      <subfield code="a">parapeto</subfield>
   </datafield>
   <datafield tag="653" ind2=" " ind1=" ">
      <subfield code="a">Castell de Sant Ferran (Figueres, Catalunya)</subfield>
   </datafield>
   <datafield tag="653" ind2=" " ind1=" ">
      <subfield code="a">Fortificacions--Catalunya</subfield>
   </datafield>
   <datafield ind2="0" ind1="0" tag="245">
      <subfield code="a">La fortificación de Amposta. De plaza de primer orden a fortificaciones de circunstancias</subfield>
   </datafield>
</record></metadata></record></GetRecord></OAI-PMH>